Công nghệ xử lí nước thải bằng biện pháp sinh học

Sách giới thiệu các quá trình công nghệ xử lí nước thải dựa trên cơ sở hoạt động của vi sinh vật có trong nước thải để loại bỏ các chất bẩn ô nhiễm (chủ yếu là các chất hữu cơ), đồng thời trình bày một số phương pháp khác xử li...

Täydet tiedot

Tallennettuna:
Bibliografiset tiedot
Päätekijä: Lương, Đức Phẩm
Aineistotyyppi: Kirja
Kieli:Undetermined
Julkaistu: Hà Nội Giáo Dục 2002
Aiheet:
Tagit: Lisää tagi
Ei tageja, Lisää ensimmäinen tagi!
Thư viện lưu trữ: Trung tâm Học liệu Trường Đại học Cần Thơ
LEADER 01127nam a2200217Ia 4500
001 CTU_52300
008 210402s9999 xx 000 0 und d
020 |b 35700 
082 |a 628.35 
082 |b Ph120 
100 |a Lương, Đức Phẩm 
245 0 |a Công nghệ xử lí nước thải bằng biện pháp sinh học 
245 0 |c Lương Đức Phẩm 
260 |a Hà Nội 
260 |b Giáo Dục 
260 |c 2002 
520 |a Sách giới thiệu các quá trình công nghệ xử lí nước thải dựa trên cơ sở hoạt động của vi sinh vật có trong nước thải để loại bỏ các chất bẩn ô nhiễm (chủ yếu là các chất hữu cơ), đồng thời trình bày một số phương pháp khác xử lí nước thải: Cơ học, hoá lí và hoá học 
650 |a Sewage,Nước thải 
650 |x Purification,Biological treatment,Thanh lọc,Biên pháp sinh học 
904 |i Huỳnh Mai 
980 |a Trung tâm Học liệu Trường Đại học Cần Thơ